1934 1056 1003 1844 1882 1928 1792 1356 1374 1537 1166 1318 1175 1782 1469 1863 1722 1751 1953 1899 1057 1192 1817 1137 1577 1646 1576 1367 1112 1266 1391 1985 1047 1839 1329 1835 1563 1236 1575 1571 1047 1896 1181 1374 1411 1876 1769 1916 1594 1816 1492 1311 1677 1434 1922 1404 1222 1593 1563 1698 1607 1776 1432 1191 1447 1951 1657 1994 1809 1585 1432 1700 1289 1057 1259 1826 1328 1240 1293 1786 1439 1679 1998 1428 1098 1536 1002 1185 1528 1143 1998 1653 1571 1085 1325 1604 1607 1859 1954 BCNSPRNW ULIB Ver.6.0+V

เปลี่ยนเป็นภาษาไทย

Change to English
 แสดงรายละเอียดบรรณานุกรม
  กลับหน้าหลัก

Brief Record : Get Marc (ISO 2709) : E-mail record : QR code < ปิดหน้าต่าง
LEADER : 00000nam 2200000uu 4500
001    13399123064
003     ULIB
008    121130s2546||||th 000 0 tha d
020    ^a9746903454
020    9789746903455
060 04 ^aWD210^bส843ส
100 0  ^aสุมิตรา จันทร์เงา
245 10 ^aสูตรเด็ดเคล็ดผอม/^cสุมิตรา จันทร์เงา
250    ^aพิมพ์ครั้งที่ 1
260    ^aกรุงเทพฯ :^bดอกหญ้า2000,^c2546
300    ^a227 หน้า :^bภาพประกอบ
650  7 ^aการลดความอ้วน
945    ^p125^l0^i20262
995    ^aกัณชพร
999 ^a ใช้งานได้ทุกระบบ
รายการนี้ยังไม่มีแท็ก
คุณยังไม่ได้ล็อกอิน คุณสามารถมีกิจกรรมร่วมกับเว็บไซต์ได้ แต่ต้องล็อกอินก่อน ::
  ล็อกอิน

รายการสื่อสารสนเทศ

ลำดับที่ ประเภท เลขเรียก/บาร์โค้ด สถานที่ สถานะ
1. วิทยาศาสตร์การแพทย์ และสุขภาพ
วิทยาศาสตร์การแพทย์ และสุขภาพ
WD210 ส843ส ฉ.1 
  Barcode: 20262
ห้องสมุดวิทยาเขตนครสวรรค์
►หนังสือทั่วไป:l:General Books
บนชั้น

รายการใกล้เคียง
    ผู้แต่ง [สุมิตรา จันทร์เงา]

    หัวเรื่อง [การลดความอ้วน]

BibComment


ยังไม่เคยถูกคอมเมนท์

คอมเมนท์ทรัพยากรรายการนี้
  คอมเมนท์: สูตรเด็ดเคล็ดผอม..


 Copyright 2026. Bcnsprnw @Library